Thema Wirtschaft in den deutsch-slowakischen lexikographischen Werken

Saved in:
Bibliographic Details
Main Author: Ondrčková, Eva
Other Authors: Lišková, Danuša
Format: Book Chapter
Language:German
Subjects:
Tags: Add Tag
No Tags, Be the first to tag this record!

MARC

LEADER 00000naa a2200000 4500
001 0149910
005 20240502072709.6
041 0 |a ger 
044 |a SK 
245 1 0 |a Thema Wirtschaft in den deutsch-slowakischen lexikographischen Werken  |c Eva Ondrčková, Danuša Lišková 
610 2 0 |a jazyky cudzie 
610 2 0 |a nemčina 
610 2 0 |a slovenčina 
610 2 0 |a slovníky 
610 2 0 |a vyučovanie 
610 2 0 |a jazyk odborný 
100 1 |a Ondrčková, Eva 
700 1 |a Lišková, Danuša